000 00698nam a2200289Ia 4500
005 20260324144704.0
008 008 260324s9999 xx 000 0 eng d
020 _a9780203529331
037 _aEBOOK
040 _aCRL
040 _beng
040 _cCRL
041 _2eng
041 _aeng
084 _qCRL
100 _aMichael Levi
_91180727
245 0 _aRegulating Fraud (Routledge Revivals)
245 0 _bWhite-Collar Crime and the Criminal Process
260 _bTaylor and Francis
260 _c1987
365 _a
365 _b195
856 _uhttp://www.taylorfrancis.com/books/9780203529331
942 _cEBOOK
999 _c1827175
_d1827175